<?xml version="1.0" encoding="UTF-8"?>
<record
    xmlns:xsi="http://www.w3.org/2001/XMLSchema-instance"
    xsi:schemaLocation="http://www.loc.gov/MARC21/slim http://www.loc.gov/standards/marcxml/schema/MARC21slim.xsd"
    xmlns="http://www.loc.gov/MARC21/slim">

  <leader>03474nas a22002537a 4500</leader>
  <controlfield tag="003">NALT</controlfield>
  <controlfield tag="005">20250527145036.0</controlfield>
  <controlfield tag="006">a|||p|r|||| 00| 0</controlfield>
  <controlfield tag="007">ta</controlfield>
  <controlfield tag="008">250527b        th |||p| |||| 00| 0 tha d</controlfield>
  <datafield tag="040" ind1=" " ind2=" ">
    <subfield code="a">NALT</subfield>
  </datafield>
  <datafield tag="041" ind1=" " ind2=" ">
    <subfield code="a">tha</subfield>
  </datafield>
  <datafield tag="245" ind1="0" ind2="0">
    <subfield code="a">&#xE19;&#xE34;&#xE15;&#xE34;&#xE28;&#xE32;&#xE2A;&#xE15;&#xE23;&#xE4C; &#xE21;&#xE2B;&#xE32;&#xE27;&#xE34;&#xE17;&#xE22;&#xE32;&#xE25;&#xE31;&#xE22;&#xE18;&#xE23;&#xE23;&#xE21;&#xE28;&#xE32;&#xE2A;&#xE15;&#xE23;&#xE4C; &#xE1B;&#xE35;&#xE17;&#xE35;&#xE48; 13 &#xE09;&#xE1A;&#xE31;&#xE1A;&#xE17;&#xE35;&#xE48; 1-4 (&#xE1E;.&#xE28;. 2526)</subfield>
  </datafield>
  <datafield tag="260" ind1=" " ind2=" ">
    <subfield code="a">&#xE40;&#xE23;&#xE37;&#xE2D;&#xE19;&#xE41;&#xE01;&#xE49;&#xE27;&#xE01;&#xE32;&#xE23;&#xE1E;&#xE34;&#xE21;&#xE1E;&#xE4C;</subfield>
  </datafield>
  <datafield tag="310" ind1=" " ind2=" ">
    <subfield code="a">&#xE23;&#xE32;&#xE22;&#xE2A;&#xE32;&#xE21;&#xE40;&#xE14;&#xE37;&#xE2D;&#xE19;</subfield>
  </datafield>
  <datafield tag="500" ind1=" " ind2=" ">
    <subfield code="a">&#xE27;&#xE32;&#xE23;&#xE2A;&#xE32;&#xE23;&#xE40;&#xE22;&#xE47;&#xE1A;&#xE40;&#xE25;&#xE48;&#xE21;</subfield>
  </datafield>
  <datafield tag="505" ind1="2" ind2=" ">
    <subfield code="a">&#xE1B;&#xE35;&#xE17;&#xE35;&#xE48; 13 &#xE09;&#xE1A;&#xE31;&#xE1A;&#xE17;&#xE35;&#xE48; 1 (&#xE1E;.&#xE28;. 2526) -- &#xE01;&#xE0E;&#xE2B;&#xE21;&#xE32;&#xE22;&#xE1B;&#xE34;&#xE42;&#xE15;&#xE23;&#xE40;&#xE25;&#xE35;&#xE22;&#xE21; -- &#xE27;&#xE34;&#xE27;&#xE31;&#xE12;&#xE19;&#xE32;&#xE01;&#xE32;&#xE23;&#xE02;&#xE2D;&#xE07;&#xE01;&#xE0E;&#xE2B;&#xE21;&#xE32;&#xE22;&#xE2D;&#xE31;&#xE07;&#xE01;&#xE24;&#xE29;&#xE27;&#xE48;&#xE32;&#xE14;&#xE49;&#xE27;&#xE22;&#xE01;&#xE32;&#xE23;&#xE04;&#xE27;&#xE1A;&#xE04;&#xE38;&#xE21;&#xE01;&#xE32;&#xE23;&#xE1C;&#xE39;&#xE01;&#xE02;&#xE32;&#xE14; &#xE01;&#xE32;&#xE23;&#xE1B;&#xE0F;&#xE34;&#xE1A;&#xE31;&#xE15;&#xE34;&#xE21;&#xE34;&#xE0A;&#xE2D;&#xE1A;&#xE17;&#xE32;&#xE07;&#xE01;&#xE32;&#xE23;&#xE04;&#xE49;&#xE32; &#xE41;&#xE25;&#xE30;&#xE01;&#xE32;&#xE23;&#xE04;&#xE49;&#xE32;&#xE01;&#xE33;&#xE44;&#xE23;&#xE40;&#xE01;&#xE34;&#xE19;&#xE04;&#xE27;&#xE23; -- &#xE40;&#xE17;&#xE04;&#xE19;&#xE34;&#xE04;&#xE01;&#xE32;&#xE23;&#xE40;&#xE08;&#xE23;&#xE08;&#xE32;&#xE40;&#xE07;&#xE34;&#xE19;&#xE01;&#xE39;&#xE49;&#xE08;&#xE32;&#xE01;
&#xE15;&#xE48;&#xE32;&#xE07;&#xE1B;&#xE23;&#xE30;&#xE40;&#xE17;&#xE28; -- &#xE18;&#xE19;&#xE32;&#xE04;&#xE32;&#xE23;&#xE41;&#xE25;&#xE30;&#xE01;&#xE32;&#xE23;&#xE04;&#xE49;&#xE32;&#xE23;&#xE30;&#xE2B;&#xE27;&#xE48;&#xE32;&#xE07;&#xE1B;&#xE23;&#xE30;&#xE40;&#xE17;&#xE28; -- &#xE19;&#xE42;&#xE22;&#xE1A;&#xE32;&#xE22;&#xE01;&#xE32;&#xE23;&#xE41;&#xE02;&#xE48;&#xE07;&#xE02;&#xE31;&#xE19;&#xE41;&#xE25;&#xE30;&#xE01;&#xE34;&#xE08;&#xE01;&#xE23;&#xE23;&#xE21;&#xE43;&#xE19;&#xE1B;&#xE23;&#xE30;&#xE0A;&#xE32;&#xE04;&#xE21;&#xE40;&#xE28;&#xE23;&#xE29;&#xE10;&#xE01;&#xE34;&#xE08;&#xE22;&#xE38;&#xE42;&#xE23;&#xE1B; -- &#xE0E;&#xE35;&#xE01;&#xE32;&#xE27;&#xE34;&#xE40;&#xE04;&#xE23;&#xE32;&#xE30;&#xE2B;&#xE4C; &#xE04;&#xE14;&#xE35;&#xE2A;&#xE33;&#xE2B;&#xE23;&#xE31;&#xE1A;&#xE19;&#xE31;&#xE01;&#xE40;&#xE25;&#xE48;&#xE19;&#xE2B;&#xE38;&#xE49;&#xE19;.</subfield>
    <subfield code="a">&#xE1B;&#xE35;&#xE17;&#xE35;&#xE48; 13 &#xE09;&#xE1A;&#xE31;&#xE1A;&#xE17;&#xE35;&#xE48; 3 (&#xE1E;.&#xE28;. 2526) -- &#xE1E;&#xE23;&#xE23;&#xE04;&#xE01;&#xE32;&#xE23;&#xE40;&#xE21;&#xE37;&#xE2D;&#xE07;&#xE44;&#xE17;&#xE22; : &#xE17;&#xE32;&#xE23;&#xE01;&#xE17;&#xE35;&#xE48;&#xE44;&#xE21;&#xE48;&#xE21;&#xE35;&#xE42;&#xE2D;&#xE01;&#xE32;&#xE2A;&#xE40;&#xE15;&#xE34;&#xE1A;&#xE42;&#xE15;? -- &#xE27;&#xE34;&#xE27;&#xE31;&#xE12;&#xE19;&#xE32;&#xE01;&#xE32;&#xE23;&#xE1B;&#xE31;&#xE08;&#xE08;&#xE38;&#xE1A;&#xE31;&#xE19;&#xE02;&#xE2D;&#xE07;&#xE04;&#xE27;&#xE32;&#xE21;&#xE23;&#xE31;&#xE1A;&#xE1C;&#xE34;&#xE14;&#xE0A;&#xE2D;&#xE1A;&#xE17;&#xE32;&#xE07;&#xE01;&#xE32;&#xE23;&#xE40;&#xE21;&#xE37;&#xE2D;&#xE07;&#xE02;&#xE2D;&#xE07;&#xE23;&#xE31;&#xE10;&#xE1A;&#xE32;&#xE25;&#xE43;&#xE19;&#xE23;&#xE30;&#xE1A;&#xE2D;&#xE1A;&#xE40;&#xE2A;&#xE23;&#xE35;&#xE1B;&#xE23;&#xE30;&#xE0A;&#xE32;&#xE18;&#xE34;&#xE1B;&#xE44;&#xE15;&#xE22; -- &#xE23;&#xE30;&#xE1A;&#xE1A;&#xE01;&#xE32;&#xE23;&#xE40;&#xE25;&#xE37;&#xE2D;&#xE01;&#xE15;&#xE31;&#xE49;&#xE07; --
&#xE2A;&#xE16;&#xE32;&#xE1A;&#xE31;&#xE19;&#xE17;&#xE2B;&#xE32;&#xE23;&#xE01;&#xE31;&#xE1A;&#xE01;&#xE32;&#xE23;&#xE40;&#xE21;&#xE37;&#xE2D;&#xE07;&#xE01;&#xE32;&#xE23;&#xE1B;&#xE01;&#xE04;&#xE23;&#xE2D;&#xE07;&#xE44;&#xE17;&#xE22; -- &#xE0E;&#xE35;&#xE01;&#xE32;&#xE27;&#xE34;&#xE40;&#xE04;&#xE23;&#xE32;&#xE30;&#xE2B;&#xE4C; : &#xE04;&#xE14;&#xE35;&#xE42;&#xE23;&#xE07;&#xE1E;&#xE34;&#xE21;&#xE1E;&#xE4C;&#xE2A;&#xE48;&#xE27;&#xE19;&#xE17;&#xE49;&#xE2D;&#xE07;&#xE16;&#xE34;&#xE48;&#xE19; -- &#xE04;&#xE27;&#xE32;&#xE21;&#xE0A;&#xE30;&#xE07;&#xE31;&#xE01;&#xE07;&#xE31;&#xE19;&#xE02;&#xE2D;&#xE07;&#xE23;&#xE30;&#xE1A;&#xE1A;&#xE23;&#xE31;&#xE10;&#xE2A;&#xE20;&#xE32;&#xE1B;&#xE31;&#xE08;&#xE08;&#xE38;&#xE1A;&#xE31;&#xE19; : &#xE17;&#xE32;&#xE07;&#xE15;&#xE31;&#xE19;&#xE17;&#xE35;&#xE48;&#xE19;&#xE48;&#xE32;&#xE27;&#xE34;&#xE15;&#xE01; -- &#xE23;&#xE31;&#xE10;&#xE18;&#xE23;&#xE23;&#xE21;&#xE19;&#xE39;&#xE0D;&#xE01;&#xE31;&#xE1A;&#xE1B;&#xE23;&#xE30;&#xE0A;&#xE32;&#xE18;&#xE34;&#xE1B;&#xE44;&#xE15;&#xE22; : &#xE04;&#xE27;&#xE32;&#xE21;&#xE2B;&#xE21;&#xE32;&#xE22;&#xE41;&#xE25;&#xE30;
&#xE04;&#xE27;&#xE32;&#xE21;&#xE2A;&#xE31;&#xE21;&#xE1E;&#xE31;&#xE19;&#xE18;&#xE4C; -- &#xE27;&#xE34;&#xE01;&#xE24;&#xE15;&#xE01;&#xE32;&#xE23;&#xE13;&#xE4C;&#xE23;&#xE31;&#xE10;&#xE18;&#xE23;&#xE23;&#xE21;&#xE19;&#xE39;&#xE0D; 2526.</subfield>
    <subfield code="a">&#xE1B;&#xE35;&#xE17;&#xE35;&#xE48; 13 &#xE09;&#xE1A;&#xE31;&#xE1A;&#xE17;&#xE35;&#xE48; 4 (&#xE1E;.&#xE28;. 2526) -- &#xE01;&#xE32;&#xE23;&#xE04;&#xE38;&#xE49;&#xE21;&#xE04;&#xE23;&#xE2D;&#xE07;&#xE25;&#xE34;&#xE02;&#xE2A;&#xE34;&#xE17;&#xE18;&#xE34;&#xE4C;&#xE43;&#xE19;&#xE01;&#xE0E;&#xE2B;&#xE21;&#xE32;&#xE22;&#xE44;&#xE17;&#xE22; -- &#xE25;&#xE34;&#xE02;&#xE2A;&#xE34;&#xE17;&#xE18;&#xE34;&#xE4C;&#xE23;&#xE30;&#xE2B;&#xE27;&#xE48;&#xE32;&#xE07;&#xE1B;&#xE23;&#xE30;&#xE40;&#xE17;&#xE28; -- &#xE01;&#xE32;&#xE23;&#xE1A;&#xE23;&#xE34;&#xE2B;&#xE32;&#xE23;&#xE07;&#xE32;&#xE19;&#xE14;&#xE49;&#xE32;&#xE19;&#xE2A;&#xE34;&#xE17;&#xE18;&#xE34;&#xE1A;&#xE31;&#xE15;&#xE23;&#xE43;&#xE19;&#xE1B;&#xE23;&#xE30;&#xE40;&#xE17;&#xE28;&#xE44;&#xE17;&#xE22; -- &#xE04;&#xE27;&#xE32;&#xE21;&#xE23;&#xE31;&#xE1A;&#xE1C;&#xE34;&#xE14;&#xE0A;&#xE2D;&#xE1A;&#xE02;&#xE2D;&#xE07;&#xE1C;&#xE39;&#xE49;&#xE27;&#xE48;&#xE32;&#xE08;&#xE49;&#xE32;&#xE07;&#xE17;&#xE33;&#xE02;&#xE2D;&#xE07;&#xE43;&#xE19;&#xE21;&#xE39;&#xE25;&#xE25;&#xE30;&#xE40;&#xE21;&#xE34;&#xE14;
&#xE40;&#xE1B;&#xE47;&#xE19;&#xE04;&#xE27;&#xE32;&#xE21;&#xE23;&#xE31;&#xE1A;&#xE1C;&#xE34;&#xE14;&#xE43;&#xE19;&#xE01;&#xE32;&#xE23;&#xE01;&#xE23;&#xE30;&#xE17;&#xE33;&#xE02;&#xE2D;&#xE07;&#xE1A;&#xE38;&#xE04;&#xE04;&#xE25;&#xE2D;&#xE37;&#xE48;&#xE19;&#xE2B;&#xE23;&#xE37;&#xE2D;&#xE44;&#xE21;&#xE48; -- &#xE2A;&#xE31;&#xE0D;&#xE0D;&#xE32;&#xE01;&#xE48;&#xE2D;&#xE10;&#xE32;&#xE19;&#xE30;&#xE1A;&#xE38;&#xE04;&#xE04;&#xE25; -- &#xE01;&#xE32;&#xE23;&#xE1B;&#xE23;&#xE30;&#xE01;&#xE31;&#xE19;&#xE0A;&#xE35;&#xE27;&#xE34;&#xE15;. </subfield>
  </datafield>
  <datafield tag="650" ind1=" " ind2="4">
    <subfield code="a">&#xE25;&#xE34;&#xE02;&#xE2A;&#xE34;&#xE17;&#xE18;&#xE34;&#xE4C;</subfield>
    <subfield code="9">3169</subfield>
  </datafield>
  <datafield tag="850" ind1=" " ind2=" ">
    <subfield code="a">NALT</subfield>
  </datafield>
  <datafield tag="866" ind1=" " ind2=" ">
    <subfield code="a"> &#xE1B;&#xE35;&#xE17;&#xE35;&#xE48; 13 &#xE09;&#xE1A;&#xE31;&#xE1A;&#xE17;&#xE35;&#xE48; 1-4 (&#xE1E;.&#xE28;. 2526)</subfield>
  </datafield>
  <datafield tag="942" ind1=" " ind2=" ">
    <subfield code="c">BOUND</subfield>
  </datafield>
  <datafield tag="952" ind1=" " ind2=" ">
    <subfield code="0">0</subfield>
    <subfield code="1">0</subfield>
    <subfield code="4">0</subfield>
    <subfield code="7">0</subfield>
    <subfield code="8">CPERBD</subfield>
    <subfield code="a">NALT</subfield>
    <subfield code="b">NALT</subfield>
    <subfield code="c">JNR</subfield>
    <subfield code="d">2025-06-04</subfield>
    <subfield code="l">0</subfield>
    <subfield code="p">2900036090</subfield>
    <subfield code="r">2025-06-04</subfield>
    <subfield code="w">2025-06-04</subfield>
    <subfield code="y">BOUND</subfield>
  </datafield>
  <datafield tag="996" ind1=" " ind2=" ">
    <subfield code="a">aroonthip.c</subfield>
    <subfield code="b">LIBSTF</subfield>
    <subfield code="c">2025-05-27</subfield>
  </datafield>
  <datafield tag="999" ind1=" " ind2=" ">
    <subfield code="c">106674</subfield>
    <subfield code="d">106674</subfield>
  </datafield>
  <datafield tag="998" ind1=" " ind2=" ">
    <subfield code="h">179</subfield>
    <subfield code="j">179</subfield>
    <subfield code="k"> &#xE19;&#xE32;&#xE07;&#xE2A;&#xE32;&#xE27;&#xE2D;&#xE23;&#xE38;&#xE13;&#xE17;&#xE34;&#xE1E;&#xE22;&#xE4C;  &#xE08;&#xE31;&#xE19;&#xE17;&#xE23;&#xE4C;&#xE14;&#xE34;&#xE29;&#xE10;&#xE4C;</subfield>
  </datafield>
</record>
